000 00287 a2200109 4500
001 54798
090 _c33988
_d33988
100 _aSeul, Michael
245 _aPractical algorithms For Image Analysis; Description, examples, And Code with CD-ROM
260 _aNY
_bCamridge
_c2005
505 _aCD/DVD
942 _aNUST-CAE
999 _c289871
_d289871